Statistics for Countries Closest to Hungary

Click here to take the quiz!

General Stats

  • This quiz has been taken 5,760 times
    (3,836 since last reset)
  • The average score is 18 of 20

Answer Stats

kmcountrymiles% Correct
0Austria0
98%
0Slovakia0
98%
220Germany137
97%
0Serbia0
97%
0Slovenia0
97%
0Croatia0
96%
76Poland48
96%
0Romania0
96%
69Czechia43
95%
0Ukraine0
95%
187Italy116
93%
68Bosnia and
Herzegovina
42
92%
258Bulgaria160
90%
246Montenegro153
88%
318Kosovo198
86%
428Switzerland266
86%
279Moldova173
85%
357Albania222
84%
357Belarus222
83%
421San Marino262
67%

Score Distribution

Percentile by Number Answered

Percent of People with Each Score

Your Score History

You have not taken this quiz since the last reset